| 000 | 00476 a2200157 4500 | ||
|---|---|---|---|
| 005 | 20250516100116.0 | ||
| 020 | _a0-13-197192-1 | ||
| 082 | _a658.403 LAU | ||
| 100 | _aLAUDON, K .C . | ||
| 245 | _aManagement Information Systems : Managing the Digital Firm | ||
| 250 | _a9th Ed. | ||
| 260 |
_aNew Jersey, _bPearson Education, _c2006. |
||
| 300 |
_axxxii, 643p.: ill.; figure, table, _bglossary, reference & index, _c27cm. |
||
| 700 | _aLAUDON, J , P. | ||
| 942 |
_2ddc _cBKS |
||
| 999 |
_c2378 _d2378 |
||